MLB All-Decade Lineups - Statistics

General Stats
  • This quiz has been taken 68 times
  • The average score is 228 of 420
Answer Stats
Team Pos Player % Correct
NYY 3B Alex Rodriguez
97%
BOS DH David Ortiz
97%
BOS SP Eduardo Rodriguez
97%
SEA CF Julio Rodriguez
97%
LAD C Will Smith
97%
NYY RF Aaron Judge
95%
HOU 2B Jose Altuve
95%
PHI RF Bryce Harper
92%
WAS RF Bryce Harper
92%
LAD SP Clayton Kershaw
92%
NYY SS Derek Jeter
92%
ATL 1B Freddie Freeman
92%
NYY SP Gerrit Cole
92%
HOU SP Gerrit Cole
92%
PIT SP Gerrit Cole
92%
MIA RF Giancarlo Stanton
92%
CHW 2B Alexei Ramirez
89%
MIL 3B Aramis Ramirez
89%
TEX DH Corey Seager
89%
LAD SS Corey Seager
89%
CLE 3B Jose Ramirez
89%
SEA 3B Kyle Seager
89%
TEX SP Martin Perez
89%
DET SP Max Scherzer
89%
WAS SP Max Scherzer
89%
LAA CF Mike Trout
89%
BOS LF Mookie Betts
89%
LAD 2B Mookie Betts
89%
KC C Salvador Perez
89%
TOR 1B Vladimir Guerrero Jr.
89%
CHC 1B Anthony Rizzo
86%
CLE DH Asdrubal Cabrera
86%
SF C Buster Posey
86%
BOS SP Chris Sale
86%
CHW SP Chris Sale
86%
ATL SP Chris Sale
86%
SEA LF Ichiro Suzuki
86%
PIT 1B Josh Bell
86%
LAD 3B Justin Turner
86%
DET SP Justin Verlander
86%
HOU SP Justin Verlander
86%
DET 1B Miguel Cabrera
86%
WAS SS Trea Turner
86%
LAA 1B Albert Pujols
84%
PIT CF Andrew McCutchen
84%
SF 1B Brandon Belt
84%
NYY SP C.C. Sabathia
84%
PHI 2B Cesar Hernandez
84%
SEA SP Felix Hernandez
84%
CIN 1B Joey Votto
84%
CHW 1B Jose Abreu
84%
TOR RF Jose Bautista
84%
BAL 3B Manny Machado
84%
SD 3B Manny Machado
84%
BAL LF Adam Jones
81%
TOR SS Bo Bichette
81%
BAL 1B Chris Davis
81%
BOS 2B Dustin Pedroia
81%
SD RF Fernando Tatis Jr.
81%
CLE SS Francisco Lindor
81%
NYM SS Francisco Lindor
81%
CHC SS Javier Baez
81%
TOR 3B Josh Donaldson
81%
ARI 2B Ketel Marte
81%
OAK RF Khris Davis
81%
CHC 3B Kris Bryant
81%
STL 3B Nolan Arenado
81%
COL 3B Nolan Arenado
81%
ATL RF Ronald Acuna Jr.
81%
PIT RF Starling Marte
81%
WAS SP Stephen Strasburg
81%
BOS 1B Adrian Gonzalez
78%
LAD 1B Adrian Gonzalez
78%
HOU 3B Alex Bregman
78%
MIA SP Anibal Sanchez
78%
MIA LF Christian Yelich
78%
MIL LF Christian Yelich
78%
BOS SP David Price
78%
TB SP David Price
78%
TB 3B Evan Longoria
78%
NYY C Gary Sanchez
78%
TOR LF George Springer
78%
HOU CF George Springer
78%
WAS SP Gio Gonzalez
78%
MIN C Joe Mauer
78%
PHI C J.T. Realmuto
78%
MIA C J.T. Realmuto
78%
OAK 2B Marcus Semien
78%
OAK 1B Matt Olson
78%
SEA DH Nelson Cruz
78%
STL 1B Paul Goldschmidt
78%
ARI 1B Paul Goldschmidt
78%
NYM 1B Pete Alonso
78%
BOS 3B Rafael Devers
78%
LAA DH Shohei Ohtani
78%
LAA SP Shohei Ohtani
78%
BOS SS Xander Bogaerts
78%
HOU DH Yordan Alvarez
78%
TEX 3B Adrian Beltre
76%
TB SP Blake Snell
76%
SD SP Blake Snell
76%
SF SS Brandon Crawford
76%
MIN CF Byron Buxton
76%
SEA C Cal Raleigh
76%
MIN SS Carlos Correa
76%
HOU SS Carlos Correa
76%
COL CF Carlos Gonzalez
76%
STL SP Carlos Martinez
76%
NYM SP Jacob deGrom
76%
BOS RF J.D. Martinez
76%
DET DH J.D. Martinez
76%
SEA SS J.P. Crawford
76%
OAK 3B Matt Chapman
76%
DET C Victor Martinez
76%
PHI SP Zack Wheeler
76%
NYM SP Zack Wheeler
76%
KC SS Bobby Witt Jr.
73%
TB 2B Brandon Lowe
73%
TOR DH Edwin Encarnacion
73%
COL C Elias Diaz
73%
WAS LF Juan Soto
73%
ATL 2B Ozzie Albies
73%
PIT SP Paul Skenes
73%
CLE SP Shane Bieber
73%
TB 1B Yandy Diaz
73%
TEX RF Adolis Garcia
70%
TOR C Alejandro Kirk
70%
KC LF Alex Gordon
70%
CHW LF Avisail Garcia
70%
CLE 1B Carlos Santana
70%
NYM 3B David Wright
70%
MIA 2B Dee Gordon
70%
MIN SP Ervin Santana
70%
STL SP Jaime Garcia
70%
PHI SS Jimmy Rollins
70%
ATL SP Max Fried
70%
MIL RF Ryan Braun
70%
PHI 1B Ryan Howard
70%
CHC C Willson Contreras
70%
ARI SP Zack Greinke
70%
WAS DH Anthony Rendon
68%
ATL 3B Austin Riley
68%
NYY CF Brett Gardner
68%
MIL SP Corbin Burnes
68%
CHC LF Ian Happ
68%
TOR SP J.A. Happ
68%
WAS SP Jordan Zimmermann
68%
CHW CF Luis Robert Jr.
68%
ATL DH Marcell Ozuna
68%
MIA DH Marcell Ozuna
68%
MIL 1B Prince Fielder
68%
DET LF Riley Greene
68%
WAS 3B Ryan Zimmerman
68%
CHW SS Tim Anderson
68%
SF SP Tim Lincecum
68%
COL 2B Trevor Story
68%
COL SS Troy Tulowitzki
68%
STL C Yadier Molina
68%
STL SP Adam Wainwright
65%
BAL CF Cedric Mullins
65%
COL RF Charlie Blackmon
65%
NYM 2B Daniel Murphy
65%
ARI LF David Peralta
65%
MIL SP Freddy Peralta
65%
BOS CF Jackie Bradley Jr.
65%
TOR SP Kevin Gausman
65%
BAL SP Kevin Gausman
65%
HOU RF Kyle Tucker
65%
SF SP Madison Bumgarner
65%
SF 3B Pablo Sandoval
65%
LAA SP Patrick Sandoval
65%
TB LF Randy Arozarena
65%
NYY DH Robinson Cano
65%
SEA 2B Robinson Cano
65%
MIA SP Sandy Alcantara
65%
TB SS Ben Zobrist
62%
ARI DH Christian Walker
62%
PHI SP Cliff Lee
62%
CLE SP Corey Kluber
62%
ATL SS Dansby Swanson
62%
NYY 2B Gleyber Torres
62%
BOS SP Jon Lester
62%
CHC SP Jon Lester
62%
LAD LF Matt Kemp
62%
PIT 2B Neil Walker
62%
NYM SP Noah Syndergaard
62%
CHC RF Seiya Suzuki
62%
DET SP Tarik Skubal
62%
TEX SP Yu Darvish
62%
SD SP Yu Darvish
62%
PHI SP Aaron Nola
59%
PHI 3B Alec Bohm
59%
CIN CF Billy Hamilton
59%
ATL C Brian McCann
59%
CHW SP Carlos Rodon
59%
LAD SP Hyun Jin Ryu
59%
CHC SP Jake Arrieta
59%
ATL CF Jason Heyward
59%
CHC CF Jason Heyward
59%
MIN DH Jorge Polanco
59%
TEX CF Josh Hamilton
59%
TB CF Kevin Kiermaier
59%
SEA SP Luis Castillo
59%
CIN SP Luis Castillo
59%
DET RF Nick Castellanos
59%
PHI CF Nick Castellanos
59%
CLE SP Trevor Bauer
59%
ARI SP Zac Gallen
59%
DET CF Austin Jackson
57%
PIT LF Bryan Reynolds
57%
CHW SP Dylan Cease
57%
KC 1B Eric Hosmer
57%
SD 1B Eric Hosmer
57%
HOU SP Framber Valdez
57%
PIT DH Gregory Polanco
57%
CIN SP Johnny Cueto
57%
MIN 1B Justin Morneau
57%
KC CF Lorenzo Cain
57%
NYY 1B Mark Teixeira
57%
SF SP Matt Cain
57%
ARI SP Robbie Ray
57%
PHI SP Roy Halladay
57%
CLE LF Steven Kwan
57%
SEA 1B Ty France
57%
HOU 1B Yuli Gurriel
57%
NYM RF Brandon Nimmo
54%
STL SP Chris Carpenter
54%
COL SP Jon Gray
54%
TOR SP Jose Berrios
54%
MIN SP Jose Berrios
54%
MIA SP Jose Fernandez
54%
LAD SP Julio Urias
54%
SEA SP Logan Gilbert
54%
NYY SP Masahiro Tanaka
54%
STL DH Matt Carpenter
54%
CLE RF Michael Brantley
54%
HOU LF Michael Brantley
54%
KC 3B Mike Moustakas
54%
OAK SP Sonny Gray
54%
SD SP Tyson Ross
54%
KC DH Alcides Escobar
51%
CIN 2B Brandon Phillips
51%
HOU SP Dallas Keuchel
51%
COL 1B D.J. LeMahieu
51%
SF LF Hunter Pence
51%
DET 2B Ian Kinsler
51%
NYY SP Luis Severino
51%
STL LF Matt Holliday
51%
MIN LF Max Kepler
51%
MIN SP Pablo Lopez
51%
MIL SP Brandon Woodruff
49%
TEX SS Elvis Andrus
49%
CIN 3B Eugenio Suarez
49%
NYY LF Jacoby Ellsbury
49%
CLE 2B Jason Kipnis
49%
NYM LF Jeff McNeil
49%
STL 2B Kolten Wong
49%
LAA LF Taylor Ward
49%
MIL SS Willy Adames
49%
CLE C Yan Gomes
49%
MIL CF Carlos Gomez
46%
TEX SP Cole Hamels
46%
PHI SP Cole Hamels
46%
TB SP James Shields
46%
SF SP Logan Webb
46%
TOR SP Marcus Stroman
46%
NYM SP Matt Harvey
46%
ARI SP Merrill Kelly
46%
BOS SP Rick Porcello
46%
DET SP Rick Porcello
46%
LAD DH Yasiel Puig
46%
CHW 3B Yoan Moncada
46%
CIN RF Jay Bruce
43%
WAS CF Jayson Werth
43%
SF 2B Joe Panik
43%
OAK DH Josh Reddick
43%
CHC SP Justin Steele
43%
COL SP Kyle Freeland
43%
CHC SP Kyle Hendricks
43%
HOU SP Lance McCullers
43%
COL SP German Marquez
41%
SD SS Ha-Seong Kim
41%
SD 2B Jake Cronenworth
41%
HOU C Jason Castro
41%
LAA SP Jered Weaver
41%
BAL SS J.J. Hardy
41%
MIN SP Joe Ryan
41%
TEX C Jonah Heim
41%
PIT 3B Josh Harrison
41%
CHW SP Lucas Giolito
41%
ARI SP Patrick Corbin
41%
TB SP Shane McClanahan
41%
CHC DH Starlin Castro
41%
LAD SP Walker Buehler
41%
SD LF Wil Myers
41%
MIN 2B Brian Dozier
38%
LAD RF Chris Taylor
38%
BOS C Christian Vazquez
38%
LAA SP C.J. Wilson
38%
LAA 2B Howie Kendrick
38%
ATL SP Julio Teheran
38%
STL SP Lance Lynn
38%
MIN 3B Miguel Sano
38%
TEX 1B Mitch Moreland
38%
BAL RF Nick Markakis
38%
ATL LF Nick Markakis
38%
CHC 2B Nico Hoerner
38%
CHW DH Paul Konerko
38%
OAK SP Sean Manaea
38%
NYM C Travis d'Arnaud
38%
KC 2B Whit Merrifield
38%
CHW RF Alex Rios
35%
LAD CF Andre Ethier
35%
CLE SP Carlos Carrasco
35%
ATL SP Charlie Morton
35%
TEX SP Colby Lewis
35%
SD SP Joe Musgrove
35%
MIL C Jonathan Lucroy
35%
TOR CF Kevin Pillar
35%
NYM CF Michael Conforto
35%
TOR SP R.A. Dickey
35%
MIL 2B Rickie Weeks Jr.
35%
TEX 2B Rougned Odor
35%
WAS 2B Ian Desmond
32%
BAL 2B Jonathan Schoop
32%
BAL C Matt Wieters
32%
MIA 3B Miguel Rojas
32%
SEA RF Mitch Haniger
32%
STL SS Paul DeJong
32%
COL DH Ryan McMahon
32%
STL RF Tommy Edman
32%
SF DH Wilmer Flores
32%
SF RF Angel Pagan
30%
TB SP Chris Archer
30%
COL LF Dexter Fowler
30%
PIT SP Francisco Liriano
30%
ARI 3B Jake Lamb
30%
STL CF Jon Jay
30%
DET SS Jose Iglesias
30%
ARI C Miguel Montero
30%
SF CF Mike Yastrzemski
30%
TEX LF Shin-Soo Choo
30%
OAK C Stephen Vogt
30%
BAL DH Trey Mancini
30%
CIN C Tucker Barnhardt
30%
CIN SS Zack Cozart
30%
CHW C A.J. Pierzynski
27%
OAK SP Chris Bassitt
27%
OAK CF Coco Crisp
27%
KC SP Danny Duffy
27%
CIN SP Homer Bailey
27%
CHW SP Jose Quintana
27%
MIA 1B Justin Bour
27%
PHI DH Rhys Hoskins
27%
WAS C Wilson Ramos
27%
SD DH Chase Headley
24%
MIN RF Eddie Rosario
24%
OAK SS Jed Lowrie
24%
LAD SP Kenta Maeda
24%
LAA RF Kole Calhoun
24%
OAK LF Mark Canha
24%
ARI SS Nick Ahmed
24%
KC SP Yordano Ventura
24%
WAS 1B Adam LaRoche
22%
PIT SP A.J. Burnett
22%
ARI RF A.J. Pollock
22%
MIL DH Jean Segura
22%
DET 3B Jeimer Candelario
22%
COL SP Jhoulys Chacin
22%
PIT SP Mitch Keller
22%
NYY SP Nestor Cortes Jr.
22%
PHI LF Odubel Herrera
22%
KC SP Brady Singer
19%
BAL SP Chris Tillman
19%
OAK SP Frankie Montas
19%
CHC SP Jeff Samardzija
19%
BAL SP John Means
19%
MIN SP Kyle Gibson
19%
PIT C Francisco Cervelli
16%
ARI CF Gerardo Parra
16%
CIN LF Jesse Winker
16%
PIT SS Jordy Mercer
16%
NYM DH Lucas Duda
16%
DET SP Matthew Boyd
16%
WAS SP Tanner Roark
16%
TEX SP Derek Holland
14%
LAA SS Erick Aybar
14%
LAA SP Garrett Richards
14%
KC SP Greg Holland
14%
COL SP Jorge De La Rosa
14%
SD CF Will Venable
14%
MIL SP Yovani Gallardo
14%
LAA 3B David Fletcher
11%
TOR 2B Devon Travis
11%
BAL SP Dylan Bundy
11%
KC SP Ian Kennedy
11%
SD SP Ian Kennedy
11%
SEA SP James Paxton
11%
KC RF Jarrod Dyson
11%
SF SP Ryan Vogelsong
11%
TB RF Desmond Jennings
8%
SEA SP Hisashi Iwakuma
8%
MIL SP Jimmy Nelson
8%
CLE CF Lonnie Chisenhall
8%
MIA SS Adeiny Hechavarria
5%
TB C Francisco Mejia
5%
CIN SP Tyler Mahle
5%
LAA C Chris Iannetta
3%
BAL SP Dean Kremer
3%
MIA CF Derek Dietrich
3%
NYM SP Jonathon Niese
3%
OAK SP J.P. Sears
3%
CLE SP Justin Masterson
3%
ATL SP Mike Foltynewicz
3%
CIN SP Mike Leake
3%
MIA SP Ricky Nolasco
3%
CIN DH Jose Peraza
0%
TB DH Matt Joyce
0%
SD C Nick Hundley
0%
MIA SP Tom Koehler
0%
No matching quizzes found
Score Distribution
Percent of People with Each Score
Percentile by Number Answered
Your Score History
You have not taken this quiz